[Event "Cto Equipos Aragon 2013 Preferente II"]
[Site "Aragon"]
[Date "2013.03.09"]
[Round "7.55"]
[White "Marcellan Peire, Jesus"]
[Black "Ruiperez Gumiel, Ramon"]
[Result "1-0"]
[WhiteElo "1879"]
[BlackElo "1928"]
[PlyCount "77"]
[EventDate "2013.??.??"]
[EventType "tourn"]
[EventRounds "9"]
[EventCountry "ESP"]
[WhiteTeam "Ejea"]
[BlackTeam "Marcos Frechin"]

1. d4 Nf6 2. c4 c5 3. d5 b5 4. cxb5 a6 5. b6 d6 6. Qb3 Bb7 7. Nc3 Nbd7 8. e4
Qxb6 9. Qxb6 Nxb6 10. a4 g6 11. a5 Nbd7 12. Nf3 Bg7 13. Bc4 O-O 14. O-O h6 15.
Re1 Ng4 16. h3 Nge5 17. Nxe5 Nxe5 18. Bf1 g5 19. f4 gxf4 20. Bxf4 f5 21. Rad1
fxe4 22. Rxe4 Bc8 23. Be3 Bf5 24. Rh4 Rf6 25. Be2 Rb8 26. Rd2 Rg6 27. Kh2 Rb4
28. Rxb4 cxb4 29. Na4 Be4 30. Bxa6 h5 31. Bb5 Rxg2+ 32. Rxg2 Nf3+ 33. Kh1 Nh4
34. Bf1 Kf7 35. a6 Bxd5 36. a7 Nf5 37. Bc4 Bxc4 38. a8=Q Bf6 39. Qg8# 1-0

[Event "Cto Equipos Aragon 2013 Preferente II"]
[Site "Aragon"]
[Date "2013.03.09"]
[Round "7.56"]
[White "Ciriano Lamban, Alejandro"]
[Black "Merin Flores, Miguel Angel"]
[Result "1-0"]
[WhiteElo "1793"]
[BlackElo "1716"]
[PlyCount "51"]
[EventDate "2013.??.??"]
[EventType "tourn"]
[EventRounds "9"]
[EventCountry "ESP"]
[WhiteTeam "Marcos Frechin"]
[BlackTeam "Ejea"]

1. b3 d5 2. Bb2 Nf6 3. e3 Bf5 4. f4 c6 5. Nf3 e6 6. Be2 Nbd7 7. O-O Bd6 8. Ne5
Bxe5 9. fxe5 Ne4 10. Nc3 Qc7 11. d4 Qd8 12. Nxe4 dxe4 13. Ba3 Qa5 14. Bd6 Qc3
15. Qc1 Qa5 16. c4 h5 17. Qb2 g5 18. Rad1 Qd8 19. d5 Qb6 20. Rxf5 exf5 21. e6
Qxe3+ 22. Kh1 O-O-O 23. exd7+ Kxd7 24. dxc6+ Kxc6 25. Qf6 Qb6 26. Be7+ 1-0

[Event "Cto Equipos Aragon 2013 Preferente II"]
[Site "Aragon"]
[Date "2013.03.09"]
[Round "7.58"]
[White "Sanchez Castro, Roberto"]
[Black "Sierra Aguerri, Joaquin"]
[Result "0-1"]
[WhiteElo "2014"]
[BlackElo "1978"]
[PlyCount "56"]
[EventDate "2013.??.??"]
[EventType "tourn"]
[EventRounds "9"]
[EventCountry "ESP"]
[WhiteTeam "Ibercaja C"]
[BlackTeam "Tauste"]

1. e4 d5 2. exd5 Qxd5 3. Nc3 Qa5 4. Bc4 Nf6 5. h3 c6 6. a3 e5 7. Qe2 Bd6 8. Nf3
O-O 9. O-O Bf5 10. Nh4 e4 11. Kh1 Re8 12. Nb5 cxb5 13. Nxf5 Bc7 14. Bb3 Nc6 15.
c3 b4 16. g4 bxa3 17. f4 exf3 18. Qxf3 Qe5 19. Qg2 Qb5 20. Bxf7+ Kxf7 21. Ne3
Kg8 22. bxa3 Ne4 23. Rf5 Qd3 24. Rf3 Ne5 25. Rf4 Ng6 26. Rf3 Nh4 27. Qf1 Nxf3
28. Qxf3 Rf8 0-1

[Event "Cto Equipos Aragon 2013 Preferente II"]
[Site "Aragon"]
[Date "2013.03.09"]
[Round "7.59"]
[White "Sancho Casale, Jesus"]
[Black "Carrasquer Munoz, Alberto"]
[Result "1/2-1/2"]
[WhiteElo "1941"]
[BlackElo "1844"]
[PlyCount "73"]
[EventDate "2013.??.??"]
[EventType "tourn"]
[EventRounds "9"]
[EventCountry "ESP"]
[WhiteTeam "Tauste"]
[BlackTeam "Ibercaja C"]

1. e4 c6 2. d4 d5 3. e5 Bf5 4. Nc3 e6 5. g4 Bg6 6. Nge2 Be7 7. Nf4 Bg5 8. Be3
Nd7 9. Qd2 Bxf4 10. Bxf4 h5 11. O-O-O hxg4 12. Be2 Bf5 13. Rdg1 Ne7 14. Bxg4
Bxg4 15. Rxg4 Nf5 16. Nd1 Qb6 17. c3 O-O-O 18. Ne3 Nxe3 19. Bxe3 Rdg8 20. f4 f5
21. exf6 gxf6 22. Rxg8+ Rxg8 23. f5 Nf8 24. fxe6 Nxe6 25. Qf2 Qd8 26. Qf5 Qe7
27. Rf1 Kd8 28. Qxf6 Qxf6 29. Rxf6 Ke7 30. Rh6 Kf7 31. h4 Rg6 32. Rh7+ Rg7 33.
Rh8 Rg8 34. Rh5 Ng7 35. Rh7 Kg6 36. Rh6+ Kf7 37. Rh7 1/2-1/2

[Event "Cto Equipos Aragon 2013 Preferente II"]
[Site "Aragon"]
[Date "2013.03.09"]
[Round "7.60"]
[White "Hernandez Montoro, Irene"]
[Black "Muro Turon, Raul"]
[Result "0-1"]
[WhiteElo "1579"]
[BlackElo "1862"]
[PlyCount "66"]
[EventDate "2013.??.??"]
[EventType "tourn"]
[EventRounds "9"]
[EventCountry "ESP"]
[WhiteTeam "Ibercaja C"]
[BlackTeam "Tauste"]

1. d4 Nf6 2. Nf3 g6 3. c4 c5 4. e3 Bg7 5. Nc3 cxd4 6. exd4 d5 7. b3 O-O 8. Bf4
a6 9. Qd2 Re8 10. Bh6 Bh8 11. Be2 Nc6 12. h4 Bg4 13. Ne5 Bxe2 14. Nxc6 bxc6 15.
Nxe2 Ne4 16. Qf4 e5 17. Qg4 f5 18. Qh3 exd4 19. Bg5 Bf6 20. Bxf6 Qxf6 21. Rd1
Nc3 22. Rd2 Qe5 23. Qd3 c5 24. Kf1 dxc4 25. Qxc4+ Kg7 26. Qd3 Re7 27. g3 Qd5
28. Rh2 Rae8 29. f3 Re3 30. Qc2 Qxf3+ 31. Kg1 Rxe2 32. Rdxe2 Rxe2 33. Rxe2
Nxe2+ 0-1

[Event "Cto Equipos Aragon 2013 Preferente II"]
[Site "Aragon"]
[Date "2013.03.09"]
[Round "7.61"]
[White "Arinez Bruna, Octavio"]
[Black "Lopez Guaita, Fernando"]
[Result "1-0"]
[WhiteElo "2145"]
[BlackElo "2027"]
[PlyCount "71"]
[EventDate "2013.??.??"]
[EventType "tourn"]
[EventRounds "9"]
[EventCountry "ESP"]
[WhiteTeam "El Olivar B"]
[BlackTeam "ONCE C.A. Aragon B"]

1. c4 e5 2. Nc3 Nf6 3. g3 g6 4. Bg2 Bg7 5. Nf3 d6 6. O-O O-O 7. d3 Nbd7 8. Rb1
Nh5 9. b4 f5 10. Qb3 Kh8 11. Ng5 Ndf6 12. c5 Qe7 13. cxd6 cxd6 14. Nd5 Nxd5 15.
Bxd5 h6 16. Ne6 Bxe6 17. Bxe6 f4 18. Bg4 Nf6 19. Bf3 g5 20. Bd2 g4 21. Bg2 Nh5
22. Qd5 Rf7 23. Rfc1 Raf8 24. Rc2 Qd7 25. gxf4 Nxf4 26. Bxf4 exf4 27. Be4 f3
28. Qh5 Rf4 29. Qg6 R4f5 30. Bxf5 Rxf5 31. Rbc1 Rf7 32. Rc8+ Rf8 33. R8c7 Rf6
34. Qxf6 Qxc7 35. Rxc7 Bxf6 36. exf3 1-0

[Event "Cto Equipos Aragon 2013 Preferente II"]
[Site "Aragon"]
[Date "2013.03.09"]
[Round "7.62"]
[White "Sanz Lopez, Ruben"]
[Black "Gracia Campo, Carlos Alberto"]
[Result "1/2-1/2"]
[WhiteElo "1932"]
[BlackElo "2043"]
[PlyCount "194"]
[EventDate "2013.??.??"]
[EventType "tourn"]
[EventRounds "9"]
[EventCountry "ESP"]
[WhiteTeam "ONCE C.A. Aragon B"]
[BlackTeam "El Olivar B"]

1. d4 Nf6 2. Bg5 g6 3. Bxf6 exf6 4. c4 Bg7 5. Nc3 d6 6. e3 O-O 7. g3 Re8 8. Bg2
Nd7 9. Nge2 c6 10. O-O Nb6 11. b3 Bg4 12. h3 Bxe2 13. Nxe2 f5 14. Rb1 d5 15. c5
Nd7 16. b4 Nf6 17. Qd3 Qc7 18. Rb3 Ne4 19. Rfb1 b5 20. cxb6 axb6 21. Bxe4 fxe4
22. Qc2 b5 23. Rc3 Rec8 24. Rc1 Ra6 25. Rc5 Bf8 26. Rxb5 cxb5 27. Qxc7 Rxc7 28.
Rxc7 Rxa2 29. Nc3 Ra1+ 30. Kg2 Bxb4 31. Nxd5 Ba5 32. Rb7 Kg7 33. Rxb5 Ra2 34.
Rb1 g5 35. Ne7 Kf6 36. Nc6 h5 37. Nxa5 Rxa5 38. Rb6+ Kg7 39. Rc6 g4 40. hxg4
hxg4 41. Rc8 Kf6 42. Re8 Kf5 43. Rh8 Kg5 44. Rc8 Kf5 45. Rd8 Ke6 46. Re8+ Kf5
47. Re7 f6 48. Rh7 Kg6 49. Rh8 Kg5 50. Rc8 Kf5 51. Rc2 Ke6 52. Kf1 Kd6 53. Ke1
Ra1+ 54. Kd2 Ra3 55. Rb2 Ke6 56. Rb6+ Kf5 57. Rc6 Ra2+ 58. Rc2 Ra3 59. Rc5+ Ke6
60. Rc8 Ra2+ 61. Ke1 Ra1+ 62. Ke2 Ra2+ 63. Kf1 Ra1+ 64. Kg2 Ra5 65. Rh8 Rg5 66.
Rh7 Rg8 67. Rh6 Kf5 68. Rh5+ Kg6 69. Rc5 Ra8 70. Rb5 Kf7 71. Rf5 Ke6 72. Rh5
Rd8 73. Rh6 Kf5 74. Rh7 Ke6 75. Rg7 Kf5 76. Re7 Ra8 77. Kf1 Ra1+ 78. Ke2 Ra2+
79. Kf1 Ra1+ 80. Kg2 Ra5 81. Re8 Rb5 82. Kf1 Ra5 83. Ke1 Ra2 84. Rc8 Ke6 85.
Rc6+ Kf5 86. Rc5+ Ke6 87. Rc4 Ra1+ 88. Kd2 Rf1 89. Ke2 Ra1 90. Rc6+ Kf5 91. Rc2
Ke6 92. Kd2 Ra3 93. Kc1 Rb3 94. Rd2 Rb7 95. Kc2 Rc7+ 96. Kb3 Rb7+ 97. Kc4 Rc7+
1/2-1/2

[Event "Cto Equipos Aragon 2013 Preferente II"]
[Site "Aragon"]
[Date "2013.03.09"]
[Round "7.63"]
[White "Bailo Remacha, Santiago"]
[Black "Landa Garriga, Francisco Javier"]
[Result "1-0"]
[WhiteElo "2030"]
[BlackElo "1900"]
[PlyCount "85"]
[EventDate "2013.??.??"]
[EventType "tourn"]
[EventRounds "9"]
[EventCountry "ESP"]
[WhiteTeam "El Olivar B"]
[BlackTeam "ONCE C.A. Aragon B"]

1. g3 e5 2. Bg2 Nf6 3. b3 d5 4. Bb2 Bd6 5. d4 Qe7 6. dxe5 Bxe5 7. Bxe5 Qxe5 8.
c3 Bg4 9. Nf3 Bxf3 10. Bxf3 O-O 11. O-O Nbd7 12. Qd4 Qxd4 13. cxd4 Ne4 14. Rc1
c6 15. Nc3 Nxc3 16. Rxc3 Nb6 17. b4 a6 18. e3 Rfd8 19. Be2 Nc8 20. a4 Nd6 21.
Rb1 Rdc8 22. Bd3 g6 23. Rc2 f6 24. Rc5 Kf8 25. b5 axb5 26. axb5 Ke7 27. bxc6
bxc6 28. Rb6 Kd7 29. Rc3 Rab8 30. Rcxc6 Rxb6 31. Rxb6 Rc3 32. Be2 Rc6 33. Bb5
Nxb5 34. Rxb5 Ke6 35. Rb7 h5 36. Rg7 Kf5 37. h3 Rc2 38. Kg2 Rc6 39. Kf3 Rc8 40.
g4+ hxg4+ 41. hxg4+ Ke6 42. Rxg6 Rh8 43. g5 1-0

[Event "Cto Equipos Aragon 2013 Preferente II"]
[Site "Aragon"]
[Date "2013.03.09"]
[Round "7.64"]
[White "Carilla Garcia, Angel"]
[Black "Labrador Postigo, Francisco Manuel"]
[Result "0-1"]
[WhiteElo "1874"]
[BlackElo "1917"]
[PlyCount "80"]
[EventDate "2013.??.??"]
[EventType "tourn"]
[EventRounds "9"]
[EventCountry "ESP"]
[WhiteTeam "ONCE C.A. Aragon B"]
[BlackTeam "El Olivar B"]

1. c4 e5 2. Nc3 Nf6 3. Nf3 Nc6 4. d3 d5 5. Bg5 Be6 6. Qb3 Bb4 7. Nxe5 dxc4 8.
Nxc6 cxb3 9. Nxd8 Rxd8 10. a3 Ba5 11. O-O-O Bxc3 12. bxc3 b5 13. e4 Rb8 14. f3
a5 15. Kb2 Nd7 16. d4 Bc4 17. Bxc4 bxc4 18. a4 f6 19. Bf4 Rb7 20. Be3 Kf7 21.
f4 Re8 22. e5 Nb6 23. Ka3 Nd5 24. Bd2 g5 25. g3 gxf4 26. gxf4 Rg8 27. Rhg1 Rxg1
28. Rxg1 c6 29. Kb2 Rb8 30. Rg4 Nb6 31. Ka3 Nxa4 32. f5 b2 33. e6+ Ke7 34. Rg7+
Kf8 35. Bh6 Rb3+ 36. Kxa4 b1=Q 37. Rg2+ Ke7 38. Rg7+ Kd8 39. Rg8+ Kc7 40. Bf4+
Kb7 0-1

[Event "Cto Equipos Aragon 2013 Preferente II"]
[Site "Aragon"]
[Date "2013.03.09"]
[Round "7.65"]
[White "Cebrian Valverde, Jose Antonio"]
[Black "Garcia Fernandez, Javier"]
[Result "0-1"]
[WhiteElo "2129"]
[BlackElo "2168"]
[PlyCount "88"]
[EventDate "2013.??.??"]
[EventType "tourn"]
[EventRounds "9"]
[EventCountry "ESP"]
[WhiteTeam "San Jose"]
[BlackTeam "Teruel"]

1. d4 {[%emt 0:00:00]} Nf6 2. c4 e5 3. dxe5 Ng4 4. Nf3 Bc5 5. e3 Nc6 6. Be2 O-O
7. O-O Re8 8. Nd4 Ngxe5 9. Nc3 d6 10. f4 Nd7 11. Bf3 Ne7 12. Ne4 Bxd4 13. exd4
d5 14. cxd5 Nxd5 15. Qb3 N7b6 16. Bd2 Nf6 17. Ng5 Qxd4+ 18. Rf2 Qc4 19. Qa3 h6
20. Rc1 Qd4 21. Qb3 hxg5 22. fxg5 Be6 23. Qc2 Nfd5 24. g6 fxg6 25. Qxg6 Nf4 26.
Bxf4 Qxf4 27. Rcf1 Bf5 28. Qxb6 axb6 29. Bd5+ Be6 30. Bxe6+ Rxe6 31. Rxf4 Rxa2
32. R4f2 Rf6 33. h4 c5 34. g3 b5 35. Rxf6 gxf6 36. Rf5 b6 37. b4 c4 38. Rf3 Rb2
39. g4 Kg7 40. g5 fxg5 41. hxg5 Kg6 42. Re3 Kxg5 43. Re5+ Kf4 44. Rxb5 c3 0-1

[Event "Cto Equipos Aragon 2013 Preferente II"]
[Site "Aragon"]
[Date "2013.03.09"]
[Round "7.66"]
[White "Dominguez Bujeda, Jesus"]
[Black "Gimeno Oteo, Marco Antonio"]
[Result "1-0"]
[WhiteElo "2146"]
[BlackElo "2119"]
[PlyCount "39"]
[EventDate "2013.??.??"]
[EventType "tourn"]
[EventRounds "9"]
[EventCountry "ESP"]
[WhiteTeam "Teruel"]
[BlackTeam "San Jose"]

1. d4 Nf6 2. c4 g6 3. Nc3 Bg7 4. e4 d6 5. f3 O-O 6. Bg5 c6 7. Nge2 a6 8. a4
Nbd7 9. Qd2 Rb8 10. Ng3 b5 11. axb5 axb5 12. cxb5 cxb5 13. Bxb5 Nb6 14. O-O Bd7
15. Be2 Be6 16. d5 Bc8 17. Rfc1 Nfd7 18. Rab1 Ra8 19. Nb5 Re8 20. Nxd6 1-0

[Event "Cto Equipos Aragon 2013 Preferente II"]
[Site "Aragon"]
[Date "2013.03.09"]
[Round "7.67"]
[White "Gutierrez Minguenza, Ruben"]
[Black "Martin Catalan, Juan Vicente"]
[Result "1-0"]
[WhiteElo "2078"]
[BlackElo "2096"]
[PlyCount "91"]
[EventDate "2013.??.??"]
[EventType "tourn"]
[EventRounds "9"]
[EventCountry "ESP"]
[WhiteTeam "San Jose"]
[BlackTeam "Teruel"]

1. d4 {[%emt 0:00:00]} Nf6 2. c4 e6 3. Nf3 d5 4. Nc3 Be7 5. Bg5 O-O 6. e3 Nbd7
7. Rc1 b6 8. cxd5 exd5 9. Bd3 Bb7 10. O-O Ne4 11. Bf4 c5 12. Qc2 Ndf6 13. dxc5
Bxc5 14. Rfd1 Qe7 15. Nb5 Rfd8 16. Nbd4 Rac8 17. Qe2 Ng4 18. Bg3 Nxg3 19. hxg3
Qf6 20. Bf5 h5 21. Bxc8 Rxc8 22. b4 Bxb4 23. Rxc8+ Bxc8 24. Qb5 Qd6 25. Qe8+
Qf8 26. Qc6 Nf6 27. Qc7 Bd7 28. Qxa7 Qd6 29. Qa8+ Kh7 30. Qa6 g6 31. Ne2 Bc5
32. Qb7 Kg7 33. Ned4 Ne4 34. Rc1 g5 35. Qa6 g4 36. Nh4 Bxd4 37. exd4 Qf6 38.
Rf1 Qxd4 39. Qa3 Kf6 40. Kh2 Bb5 41. Rb1 Bd7 42. Rb2 Ke6 43. f3 Nc3 44. Rc2 Nb5
45. Re2+ Kf6 46. Qe7+ 1-0

[Event "Cto Equipos Aragon 2013 Preferente II"]
[Site "Aragon"]
[Date "2013.03.09"]
[Round "7.68"]
[White "Abancens Fernandez, Bernardo"]
[Black "Palomar Ramon, Santiago"]
[Result "0-1"]
[WhiteElo "1580"]
[BlackElo "1970"]
[PlyCount "64"]
[EventDate "2013.??.??"]
[EventType "tourn"]
[EventRounds "9"]
[EventCountry "ESP"]
[WhiteTeam "Teruel"]
[BlackTeam "San Jose"]

1. d4 {[%emt 0:00:00]} f5 2. c4 Nf6 3. Nc3 e6 4. Nf3 Be7 5. g3 O-O 6. Bg2 d5 7.
O-O c6 8. b3 Ne4 9. Qc2 Nd7 10. Bb2 Bd6 11. Nxe4 fxe4 12. Ne5 Qg5 13. Qc1 Qh5
14. Nxd7 Bxd7 15. Qd2 Rf6 16. f4 Raf8 17. e3 g5 18. Qd1 Qh6 19. c5 gxf4 20.
exf4 Be7 21. Qe2 Be8 22. Rae1 R8f7 23. Bc1 Qg7 24. Be3 Rg6 25. b4 Bf6 26. Rd1
Bd7 27. a3 Qh8 28. Qd2 h5 29. Qe2 h4 30. g4 h3 31. Bh1 Qh5 32. Rd2 Rxg4+ 0-1

[Event "Cto Equipos Aragon 2013 Preferente II"]
[Site "Aragon"]
[Date "2013.03.09"]
[Round "7.69"]
[White "Neila Castillo, Miguel Angel"]
[Black "Cantin Zaborras, Valentin"]
[Result "1-0"]
[WhiteElo "2075"]
[BlackElo "2123"]
[PlyCount "85"]
[EventDate "2013.??.??"]
[EventType "tourn"]
[EventRounds "9"]
[EventCountry "ESP"]
[WhiteTeam "CCOO Delicias B"]
[BlackTeam "Ramiro B"]

1. c4 c5 2. Nc3 Nf6 3. Nf3 d5 4. cxd5 Nxd5 5. g3 Nc6 6. Bg2 Nc7 7. O-O e5 8. d3
Be7 9. Be3 Bd7 10. a4 O-O 11. Nd2 Rc8 12. Nc4 Ne6 13. Nd5 Ned4 14. f4 Bg4 15.
Nc3 exf4 16. Bxf4 Qd7 17. Rf2 Rfe8 18. Qf1 Bf8 19. h3 Be6 20. e3 Nb3 21. Rd1
Rcd8 22. g4 Bxc4 23. dxc4 Qc8 24. Nd5 Rd7 25. Qd3 Nba5 26. Nf6+ gxf6 27. Qxd7
Nxc4 28. Qxc8 Rxc8 29. Rd7 b6 30. Bd5 N4e5 31. Bxe5 Nxe5 32. Rxa7 Bh6 33. Rxf6
Bxe3+ 34. Kf1 Rd8 35. Bxf7+ Kg7 36. Rf5 Nc6 37. Rc7 Nd4 38. Bc4+ Kg6 39. Rff7
Kg5 40. Rxh7 Kf4 41. Kg2 Nf5 42. Rcd7 Nh4+ 43. Kf1 1-0

[Event "Cto Equipos Aragon 2013 Preferente II"]
[Site "Aragon"]
[Date "2013.03.09"]
[Round "7.70"]
[White "Valiente Roy, Jose Javier"]
[Black "Dominguez Luzon, Fernando"]
[Result "0-1"]
[WhiteElo "2031"]
[BlackElo "1992"]
[PlyCount "58"]
[EventDate "2013.??.??"]
[EventType "tourn"]
[EventRounds "9"]
[EventCountry "ESP"]
[WhiteTeam "Ramiro B"]
[BlackTeam "CCOO Delicias B"]

1. d4 Nf6 2. Bg5 Ne4 3. Bf4 c5 4. f3 g5 5. Be5 f6 6. fxe4 fxe5 7. e3 h5 8. Nf3
exd4 9. Nxg5 e5 10. h4 Be7 11. Be2 Bxg5 12. Bxh5+ Kf8 13. Qf3+ Bf6 14. O-O Rh6
15. g4 Kg8 16. g5 Bxg5 17. Qg4 d6 18. Bf7+ Kg7 19. Qxg5+ Qxg5+ 20. hxg5 Rh4 21.
g6 Nc6 22. exd4 Nxd4 23. Nc3 Bd7 24. Bb3 Rah8 25. Rad1 Bg4 26. Rd2 Nf3+ 27.
Rxf3 Bxf3 28. Rxd6 Rh2 29. Bd5 Rg2+ 0-1

[Event "Cto Equipos Aragon 2013 Preferente II"]
[Site "Aragon"]
[Date "2013.03.09"]
[Round "7.71"]
[White "Naya Sancho, Juan Manuel"]
[Black "Munoz Suarez, Luis Alberto"]
[Result "1-0"]
[WhiteElo "1895"]
[BlackElo "1996"]
[PlyCount "69"]
[EventDate "2013.??.??"]
[EventType "tourn"]
[EventRounds "9"]
[EventCountry "ESP"]
[WhiteTeam "CCOO Delicias B"]
[BlackTeam "Ramiro B"]

1. b3 e5 2. Bb2 Nc6 3. e3 a6 4. c4 Nf6 5. Nc3 d5 6. cxd5 Nxd5 7. Bc4 Be6 8. Qf3
Nf6 9. Bxe6 fxe6 10. Qh3 Qd7 11. Nf3 O-O-O 12. O-O h6 13. Rac1 Bd6 14. Na4 e4
15. Nd4 Rhe8 16. Rc2 Kb8 17. Nxc6+ bxc6 18. Rfc1 c5 19. g3 Re7 20. Qf1 Qb5 21.
Nxc5 Qxf1+ 22. Kxf1 Bxc5 23. Rxc5 Rxd2 24. Bxf6 gxf6 25. R1c2 Red7 26. Rxd2
Rxd2 27. Rh5 Rxa2 28. Rxh6 Ra1+ 29. Kg2 Rb1 30. Rxf6 Rxb3 31. h4 a5 32. h5 Ka7
33. h6 Rb8 34. Rxe6 Rh8 35. g4 1-0

[Event "Cto Equipos Aragon 2013 Preferente II"]
[Site "Aragon"]
[Date "2013.03.09"]
[Round "7.72"]
[White "Pueyo Marina, Gerardo"]
[Black "Garcia Valer, Jesus V"]
[Result "0-1"]
[WhiteElo "1939"]
[BlackElo "1883"]
[PlyCount "40"]
[EventDate "2013.??.??"]
[EventType "tourn"]
[EventRounds "9"]
[EventCountry "ESP"]
[WhiteTeam "Ramiro B"]
[BlackTeam "CCOO Delicias B"]

1. d4 Nf6 2. Nf3 e6 3. g3 b6 4. Bg2 Bb7 5. O-O Be7 6. c4 O-O 7. d5 exd5 8. Nh4
c6 9. cxd5 Nxd5 10. e4 Bxh4 11. exd5 Bf6 12. d6 Na6 13. Nc3 Bxc3 14. bxc3 Qf6
15. Be3 Nc5 16. Rc1 Rfe8 17. Re1 Qf5 18. Bxc5 Qxc5 19. Re7 Rxe7 20. dxe7 Qxe7
0-1

[Event "Cto Equipos Aragon 2013 DH Titulo"]
[Site "?"]
[Date "2013.03.16"]
[Round "8.1"]
[White "Garza Marco, Sergio"]
[Black "Gonzalez Gambau, Jorge"]
[Result "1-0"]
[WhiteElo "2438"]
[BlackElo "2118"]
[PlyCount "59"]
[EventDate "2013.??.??"]
[EventType "tourn"]
[EventRounds "4"]
[WhiteTeam "Jaime Casas"]
[BlackTeam "Casino Jaque"]

1. f4 d5 2. Nf3 Nf6 3. e3 e6 4. b3 Bd6 5. Bb2 Nbd7 6. Bd3 c5 7. O-O Qc7 8. Qe1
e5 9. Bb5 e4 10. Ne5 O-O 11. Qg3 d4 12. Bxd7 Bxd7 13. exd4 cxd4 14. Bxd4 Bc5
15. Qf2 Bxd4 16. Qxd4 Rfd8 17. Nc3 Bf5 18. Qe3 Qd6 19. Nc4 Qd7 20. a4 Ng4 21.
Qg3 Qd4+ 22. Kh1 e3 23. Nb5 Qd7 24. d3 a6 25. Nbd6 Be6 26. h3 Nf2+ 27. Kh2 b5
28. Nxe3 Nxd3 29. Ne4 Nb4 30. Nf6+ 1-0

[Event "Cto Equipos Aragon 2013 DH Titulo"]
[Site "?"]
[Date "2013.03.16"]
[Round "8.2"]
[White "Mancho Fondevila, Jorge"]
[Black "Antoli Royo, Joaquin Miguel"]
[Result "0-1"]
[WhiteElo "1878"]
[BlackElo "2412"]
[PlyCount "100"]
[EventDate "2013.??.??"]
[EventType "tourn"]
[EventRounds "4"]
[WhiteTeam "Casino Jaque"]
[BlackTeam "Jaime Casas"]

1. d4 g6 2. Nf3 Bg7 3. Bf4 d6 4. e3 Nd7 5. Bc4 e5 6. Bg3 h6 7. O-O Ne7 8. Nc3
O-O 9. dxe5 dxe5 10. Qe2 c6 11. Rfd1 Qb6 12. Bb3 Nf5 13. Ne4 Qb4 14. Qc4 Qe7
15. Rd2 g5 16. h3 Nxg3 17. Nxg3 Nc5 18. e4 b5 19. Qe2 a5 20. c3 Nxb3 21. axb3
Be6 22. Nf5 Qc5 23. b4 axb4 24. Rxa8 Rxa8 25. cxb4 Qf8 26. Nxg7 Qxg7 27. Qe3
Qf6 28. Ne1 Qf4 29. Qxf4 gxf4 30. Nf3 f6 31. Rd6 Kf7 32. Rxc6 Ra1+ 33. Kh2 Ra4
34. Rc7+ Ke8 35. Rc2 Rxb4 36. Nd2 Kd7 37. Kg1 Ra4 38. Rc5 Rd4 39. Rc2 b4 40. b3
Rd3 41. Rb2 Kd6 42. Kf1 Kc5 43. Ke2 Kd4 44. Kd1 f5 45. exf5 Bxf5 46. Rc2 Be6
47. Rb2 e4 48. Kc2 Bd5 49. Kc1 e3 50. fxe3+ Rxe3 {Tiempo.} 0-1

[Event "Cto Equipos Aragon 2013 DH Titulo"]
[Site "?"]
[Date "2013.03.16"]
[Round "8.3"]
[White "Ramiro Ovejero, Juan Luis"]
[Black "Uldemolins Nivela, Mateo"]
[Result "1-0"]
[WhiteElo "2362"]
[BlackElo "1837"]
[PlyCount "43"]
[EventDate "2013.??.??"]
[EventType "tourn"]
[EventRounds "4"]
[WhiteTeam "Jaime Casas"]
[BlackTeam "Casino Jaque"]

1. e4 d6 2. d4 Nf6 3. Nc3 e5 4. f4 Nbd7 5. Nf3 exf4 6. e5 dxe5 7. dxe5 Qe7 8.
Bxf4 Nh5 9. Nd5 Qc5 10. b4 Qc6 11. Be3 a6 12. b5 axb5 13. Bxb5 Bb4+ 14. Kf2 Qg6
15. Nxc7+ Ke7 16. Nxa8 Qe4 17. Qd3 Qxd3 18. cxd3 Bc3 19. Rac1 Bxe5 20. Bxd7
Bxd7 21. Nxe5 Rxa8 22. Bc5+ 1-0

[Event "Cto Equipos Aragon 2013 DH Titulo"]
[Site "?"]
[Date "2013.03.16"]
[Round "8.4"]
[White "Gonzalez  Acin, Juan Carlos"]
[Black "Fontana Sotomayor, Luis Javier"]
[Result "0-1"]
[WhiteElo "1536"]
[BlackElo "2315"]
[PlyCount "58"]
[EventDate "2013.??.??"]
[EventType "tourn"]
[EventRounds "4"]
[WhiteTeam "Casino Jaque"]
[BlackTeam "Jaime Casas"]

1. e4 Nf6 2. Nc3 d5 3. exd5 Nxd5 4. Nxd5 Qxd5 5. d3 e5 6. Qf3 Qd6 7. Qe4 Nc6 8.
Nf3 f5 9. Qe2 Be6 10. Bg5 h6 11. Bd2 g5 12. h3 O-O-O 13. a3 Bg7 14. Bc3 Rhe8
15. O-O-O Nd4 16. Nxd4 exd4 17. Bb4 c5 18. Ba5 b6 19. Be1 Bd5 20. Qd2 Be5 21.
g3 Bxh1 22. h4 Bf3 23. Be2 Bxe2 24. hxg5 Bxd1 25. Kxd1 Qd5 26. f4 Qf3+ 27. Kc1
Bxf4 28. gxf4 Re2 29. Qd1 Rde8 0-1

[Event "Cto Equipos Aragon 2013 DH Titulo"]
[Site "?"]
[Date "2013.03.16"]
[Round "8.5"]
[White "Forcen Esteban, Daniel"]
[Black "Ramon Perez, Jose Luis"]
[Result "1-0"]
[WhiteElo "2467"]
[BlackElo "2236"]
[PlyCount "107"]
[EventDate "2013.??.??"]
[EventType "tourn"]
[EventRounds "4"]
[WhiteTeam "Ibercaja"]
[BlackTeam "Agrupacion"]

1. d4 e6 2. Nf3 f5 3. c4 Nf6 4. Nc3 Bb4 5. Bd2 O-O 6. e3 b6 7. Bd3 Bb7 8. Qc2
Bxc3 9. Bxc3 Ne4 10. Bb4 d6 11. O-O-O a5 12. Be1 Qf6 13. Rg1 c5 14. g4 Nc6 15.
gxf5 exf5 16. a3 cxd4 17. exd4 Rac8 18. d5 Ne7 19. Bxe4 fxe4 20. Qxe4 Qf4+ 21.
Qxf4 Rxf4 22. Nd4 Nxd5 23. b3 a4 24. Kb2 Nc7 25. Ne2 Re4 26. Nc3 Re6 27. Nxa4
b5 28. cxb5 Nxb5 29. Nc3 Nc7 30. Bd2 Na6 31. b4 Rc4 32. Kb3 Rh4 33. Be3 Rxh2
34. b5 Nc7 35. Bb6 Na8 36. Bd4 g6 37. Rge1 Kf7 38. a4 Rh4 39. Rxe6 Kxe6 40.
Re1+ Kd7 41. Bf6 Rh3 42. Re7+ Kc8 43. Re8+ Kd7 44. Re7+ Kc8 45. a5 Nc7 46. a6
Nxa6 47. bxa6 Bxa6 48. Kb4 Rf3 49. Ne4 h5 50. Nxd6+ Kb8 51. Be5 Ka8 52. Ka5 Bf1
53. Re8+ Ka7 54. Bd4# 1-0

[Event "Cto Equipos Aragon 2013 DH Titulo"]
[Site "?"]
[Date "2013.03.16"]
[Round "8.6"]
[White "Remiro Juste, Fernando Jose"]
[Black "Baron Rodriguez, Jesus"]
[Result "0-1"]
[WhiteElo "2216"]
[BlackElo "2438"]
[PlyCount "68"]
[EventDate "2013.??.??"]
[EventType "tourn"]
[EventRounds "4"]
[WhiteTeam "Agrupacion"]
[BlackTeam "Ibercaja"]

1. Nf3 d5 2. g3 Bg4 3. Bg2 Nd7 4. O-O e6 5. d3 Bd6 6. e4 Ne7 7. Nbd2 O-O 8. h3
Bh5 9. Qe1 c5 10. c4 dxc4 11. g4 Bg6 12. Nxc4 Bc7 13. Be3 Nc6 14. Qe2 Qe7 15.
Rac1 b5 16. Ncd2 f5 17. exf5 exf5 18. gxf5 Bh5 19. Ne4 Rxf5 20. Ng3 Bxg3 21.
fxg3 Nd4 22. Nxd4 Rxf1+ 23. Qxf1 Qxe3+ 24. Kh2 Rf8 25. Nf5 Qe5 26. Re1 Qxf5 27.
Qxf5 Rxf5 28. g4 Re5 29. Rxe5 Nxe5 30. gxh5 Nxd3 31. Bc6 Nxb2 32. Bxb5 c4 33.
Bc6 c3 34. Be4 Nc4 0-1

[Event "Cto Equipos Aragon 2013 DH Titulo"]
[Site "?"]
[Date "2013.03.16"]
[Round "8.7"]
[White "Huguet Mainar, Sergio"]
[Black "Mimbela Lopez, Miguel Angel"]
[Result "0-1"]
[WhiteElo "2162"]
[BlackElo "2187"]
[PlyCount "54"]
[EventDate "2013.??.??"]
[EventType "tourn"]
[EventRounds "4"]
[WhiteTeam "Ibercaja"]
[BlackTeam "Agrupacion"]

1. e4 e5 2. Nf3 Nc6 3. d4 exd4 4. Nxd4 Nf6 5. Nxc6 bxc6 6. e5 Ne4 7. Qf3 Ng5 8.
Qg3 Ne6 9. Nc3 d5 10. Bd3 Be7 11. h4 Rb8 12. f4 Bf8 13. Na4 Nd4 14. Qf2 Nf5 15.
Qxa7 Bd7 16. Qf2 Be7 17. g3 h5 18. c3 Rh6 19. Be3 Nxe3 20. Qxe3 c5 21. Nxc5
Rxb2 22. Nxd7 Qxd7 23. f5 Rhb6 24. O-O Qc6 25. Qf3 Rd2 26. Kh1 Rbb2 27. Rfb1
Rxd3 0-1